000 00452nab a2200145Ia 4500
003 ES-SlBCS
005 20210601125234.0
008 140529s1974 xxu||||| |||| 00| 0 eng d
041 _aeng
100 1 _aNielsen, Kai
_950638
245 0 0 _aDoes Ethical Subjectivism Have a Coherent Form?
_c Kai Nielsen
650 0 4 _aSubjetivismo Ético
_9155820
773 0 _tPhilosophy and Phenomenological Research
_gvol. 35, 1974, págs. 93-99
_wRev1411
942 _cAR
999 _c527040
_d527040